000 00545nam a22001817a 4500
999 _c15347
_d15347
082 _a631.37
_bASH/DE
100 _aASHOK KUMAR, V. M
_93021
245 _aDesign, fabrication and testing of a bicycle operated duplex pump
260 _aTavanur
_bKelappaji College of Agricultural Engineering and Technology
_c1990
300 _a76
500 _aproject report
520 _aproject report
650 _aproject report
_92985
700 _aLal, C. L
_93024
700 _aMohanan, C. K
_92854
700 _aSubha Rani Kurian
_93025
942 _cPR